000 00995nam a22002777a 4500
005 2010082302552.0
010 _aENG-101310
020 _c500.00
035 _aEN-84843
037 _bDBAD/PUB
082 _a347.052
100 _aManohar
_916807
245 _aThe AIR manual :
_bunrepealed central acts (civil and criminal) /
_cby Manohar [and] Chitaley
250 _a6th ed
260 _aNagpur
_bThe All India Reporter
_c2004
270 _aPost Box No. 209, Congress Nagar
_bNagpur
_e440012
300 _av.17 (xii,1260p.)
_c25cm (Hb)
490 _aAIR publication
_916808
505 _aV.17- Criminal Procedure Code, 1973 Section 145 to Section 247
650 _aLaw
_916809
650 _aCivil law
_916810
650 _aCriminal law
_916811
700 _aChitaley
_916093
942 _2ddc
_cEN
_h347.052
_mMAN
999 _c42960
_d42960